| 000 | 00593nam a2200229Ia 4500 | ||
|---|---|---|---|
| 008 | 160901s9999 xx 000 0 und d | ||
| 020 | _a1-56205-723-5 | ||
| 050 | _aComSc T 385 | ||
| 050 | _b.B54 1998 | ||
| 100 | _aBiedny, david. | ||
| 245 | _aPhotoshop channel chops / | ||
| 245 | _cDavid Biedny, Bert Monroy, Nathan Moody. | ||
| 260 | _aIndiana : | ||
| 260 | _bNew Riders Pub., | ||
| 260 | _c1998 | ||
| 300 | _a226 pages : | ||
| 300 | _bcolor illustrations ; | ||
| 300 | _c23 cm. | ||
| 500 | _aIncludes index. | ||
| 650 | _aAdobe Photoshop. | ||
| 650 | _xComputer graphics. | ||
| 999 |
_c300976 _d300976 |
||